000
00342 a2200157 4500
001
183149
020
_a
85-280-0458-9
040
_c
Magnum
100
_a
Verde, Cesario
240
1
0
_a
O livro de cesário verde
_l
por
245
1
0
_a
O livro de cesário verde
300
_a
127
362
0
_a
1998
697
_a
LITERATURA GERAL
942
_c
BK
999
_c
183149
_d
183149